000 01578nam a22001577a 4500
999 _c515073
_d515073
008 210109b ||||| |||| 00| 0 eng d
100 _aWang, Weijje and Sun, Rusi
_923619
245 _aDoes organizational performance affect employee turnover? A re‐examination of the turnover–performance relationship
260 _aPublic Administration
300 _a98(1), 2020: p.210-225
520 _aA common problem with using organizational performance as the dependent variable is the ignoring of feedback effect. The current conceptualization of the turnover–performance relationship is mostly unidirectional, focusing on how turnover affects organizational performance. Only a few scholars have investigated the possible reverse relationship between turnover and performance. Aiming to further the research on the feedback effect of organizational performance, this study employed cross‐lagged structural equation models that are especially suitable for modelling the possible reverse relationships between variables. Data were collected from public elementary and middle schools in New York City over a three‐year period. The results consistently show that organizational performance was negatively related to subsequent employee turnover. This research contributes to the development of a more valid and comprehensive understanding of the relationship between employee turnover and organizational performance. - Reproduced
650 _aMiddle schools, Employee
_923620
773 _aPublic Administration
906 _aORGANISATIONAL PERFORMANCE
942 _cAR